000 00523nam a2200169Ia 4500
005 20250508160021.0
008 008 250505s9999 xx 000 0 eng d
037 _aBooks to be hide in OPAC
040 _aFEDL
_beng
_cFEDL
041 _aeng
_2eng
084 _a371.426 942, LON/O
_qFEDL
245 0 _aReport of the section appointed to consider the question of qpprenticeships
245 0 _cLondon County Council
300 _a45p.
942 _cHB
_h371.426 942, LON/O
999 _c1361070
_d1361070